[Event "Oberliga Ost A 2016 2017"]
[Site "Germany"]
[Date "2016.12.04"]
[Round "4.5"]
[White "Klawa, Patrick"]
[Black "Andre, Gordon"]
[Result "0-1"]
[WhiteElo "2187"]
[BlackElo "2235"]
[PlyCount "66"]
[EventDate "2016.10.16"]
[EventType "team-tourn"]
[EventCountry "GER"]
[WhiteTeam "Coswig TuS"]
[BlackTeam "Magdeburg SG Aufbau Elbe"]
[WhiteTeamCountry "GER"]
[BlackTeamCountry "GER"]

1. e4 e6 2. d4 d5 3. Nd2 Be7 4. Ngf3 Nf6 5. e5 Nfd7 6. c3 c5 7. dxc5 Nc6 8. Bb5
O-O 9. c4 Ndxe5 10. O-O dxc4 11. Nxe5 Nxe5 12. Qh5 Qd5 13. Re1 f5 14. Qe2 Bf6
15. Nxc4 Nc6 16. Bxc6 Qxc6 17. Bf4 b6 18. cxb6 Bb7 19. f3 Ba6 20. Rac1 e5 21.
Be3 axb6 22. Qc2 Rfc8 23. Na3 Qxc2 24. Rxc2 Bd3 25. Rd2 e4 26. Bxb6 Rab8 27.
Be3 Bxb2 28. Nb1 Bc1 29. Rxd3 exd3 30. Bxc1 Rxb1 31. Bd2 Rxe1+ 32. Bxe1 Rc1 33.
Kf2 Rc2+ 0-1

[Event "Oberliga Ost A 2016 2017"]
[Site "Germany"]
[Date "2016.12.04"]
[Round "4.6"]
[White "Schlichthaar, Robert"]
[Black "Hofmann, Rares"]
[Result "1/2-1/2"]
[WhiteElo "2222"]
[BlackElo "2081"]
[PlyCount "87"]
[EventDate "2016.10.16"]
[EventType "team-tourn"]
[EventCountry "GER"]
[WhiteTeam "Magdeburg SG Aufbau Elbe"]
[BlackTeam "Coswig TuS"]
[WhiteTeamCountry "GER"]
[BlackTeamCountry "GER"]

1. e4 e5 2. Nf3 Nc6 3. Bb5 a6 4. Bxc6 dxc6 5. d3 f6 6. O-O Bc5 7. Be3 Bxe3 8.
fxe3 Be6 9. a4 Qd6 10. Qd2 g5 11. Na3 c5 12. Qc3 Ne7 13. Nc4 Bxc4 14. Qxc4 Nc8
15. a5 b5 16. axb6 Nxb6 17. Qc3 O-O 18. Nd2 Nd7 19. Ra5 Rfb8 20. b3 Kg7 21.
Rfa1 Qe6 22. Qc4 Rb6 23. Qd5 Rc6 24. Nc4 h5 25. d4 exd4 26. exd4 Re8 27. dxc5
Qxd5 28. exd5 Rxc5 29. Rxc5 Nxc5 30. Ra5 Ne4 31. Rxa6 Nc3 32. d6 cxd6 33. Nxd6
Re1+ 34. Kf2 Re2+ 35. Kf3 Rxc2 36. Ne8+ Kf7 37. Nxf6 g4+ 38. Kg3 Ne2+ 39. Kh4
Nf4 40. Nxh5 Nxh5 41. Kxh5 Rxg2 42. Rd6 g3 43. hxg3 Rxg3 44. b4 1/2-1/2

[Event "Oberliga Ost A 2016 2017"]
[Site "Germany"]
[Date "2016.12.04"]
[Round "4.7"]
[White "Poenisch, Eckehard"]
[Black "Roseneck, Jonas"]
[Result "0-1"]
[WhiteElo "2166"]
[BlackElo "2011"]
[PlyCount "98"]
[EventDate "2016.10.16"]
[EventType "team-tourn"]
[EventCountry "GER"]
[WhiteTeam "Coswig TuS"]
[BlackTeam "Magdeburg SG Aufbau Elbe"]
[WhiteTeamCountry "GER"]
[BlackTeamCountry "GER"]

1. e4 c5 2. Nf3 d6 3. c3 Nf6 4. Bd3 Bg4 5. Bc2 Nc6 6. h3 Bh5 7. d3 e6 8. O-O
Be7 9. Bf4 h6 10. Nbd2 Qd7 11. Ba4 Rb8 12. g4 Bg6 13. Bc2 e5 14. Bg3 Nh7 15.
Nc4 Ng5 16. Nxg5 Bxg5 17. f4 exf4 18. Bxf4 Bxf4 19. Rxf4 d5 20. exd5 Qxd5 21.
Qe2+ Qe6 22. Qf2 O-O 23. Qxc5 Rfd8 24. Rd1 b5 25. Na3 b4 26. Nc4 bxc3 27. bxc3
Rd5 28. Qf2 Ne5 29. Re1 Bxd3 30. Rxe5 Rxe5 31. Bxd3 Re1+ 32. Kg2 Rd8 33. Rd4
Re8 34. Nd2 Qc6+ 35. Nf3 R1e3 36. c4 Qf6 37. Rd5 g6 38. Bf1 a6 39. Rd3 R3e4 40.
Ra3 Qc6 41. Qd2 Kh7 42. Qd5 Qf6 43. Rb3 R8e6 44. c5 Rf4 45. Kg3 g5 46. Bd3+ Kg7
47. Bf5 Re2 48. Bb1 a5 49. Qd3 Rxf3+ 0-1

[Event "Oberliga Ost A 2016 2017"]
[Site "Germany"]
[Date "2016.12.04"]
[Round "4.8"]
[White "Biastoch, Bennet"]
[Black "Poenisch, Johannes"]
[Result "1-0"]
[WhiteElo "2105"]
[BlackElo "1988"]
[PlyCount "137"]
[EventDate "2016.10.16"]
[EventType "team-tourn"]
[EventCountry "GER"]
[WhiteTeam "Magdeburg SG Aufbau Elbe"]
[BlackTeam "Coswig TuS"]
[WhiteTeamCountry "GER"]
[BlackTeamCountry "GER"]

1. e4 c5 2. Nf3 e6 3. d4 cxd4 4. Nxd4 Nf6 5. Nc3 Nc6 6. Ndb5 a6 7. Nd6+ Bxd6 8.
Qxd6 Qa5 9. Bd2 Qb4 10. Qxb4 Nxb4 11. O-O-O d5 12. a3 Nc6 13. exd5 Nxd5 14.
Nxd5 exd5 15. Bc3 d4 16. Bxd4 Nxd4 17. Rxd4 O-O 18. Bd3 Be6 19. Rd1 g6 20. Be4
Rab8 21. Rd6 b6 22. Rc6 Bc8 23. Rc7 Be6 24. Rd6 Rfd8 25. Rxd8+ Rxd8 26. Rc6 Rb8
27. b3 a5 28. Kd2 Kf8 29. Rc7 Rd8+ 30. Kc3 Rd6 31. Rc6 Ke7 32. Rxd6 Kxd6 33.
Kd4 h6 34. c4 g5 35. b4 axb4 36. axb4 f6 37. g3 Bf7 38. f3 Be6 39. c5+ bxc5+
40. bxc5+ Kd7 41. f4 gxf4 42. gxf4 Bg4 43. Ke3 Kc7 44. Kf2 Bh5 45. Kg3 Bd1 46.
Kh4 Be2 47. Kg3 Bd1 48. h4 Bh5 49. Bf3 Bg6 50. Kg4 Kd7 51. Bd5 Kc7 52. h5 Bc2
53. Kf3 Bd1+ 54. Ke4 Bg4 55. Bf7 Kc6 56. Kd4 Bf5 57. Be8+ Kc7 58. Kd5 Bg4 59.
Bg6 f5 60. Ke5 Kc6 61. Kf6 Kxc5 62. Kg7 Kd5 63. Kxh6 Ke6 64. Kg5 Ke7 65. Bxf5
Bf3 66. Kg6 Kf8 67. Be6 Ke7 68. h6 Kxe6 69. f5+ 1-0

[Event "Oberliga Ost A 2016 2017"]
[Site "Germany"]
[Date "2016.12.04"]
[Round "4.1"]
[White "Langrock, Hannes"]
[Black "Zwahr, Paul"]
[Result "1/2-1/2"]
[WhiteElo "2405"]
[BlackElo "2318"]
[PlyCount "60"]
[EventDate "2016.10.16"]
[EventType "team-tourn"]
[EventCountry "GER"]
[WhiteTeam "Leipzig SG"]
[BlackTeam "Dresden SG Gruen Weiss"]
[WhiteTeamCountry "GER"]
[BlackTeamCountry "GER"]

1. d4 d5 2. c4 dxc4 3. Nf3 Nf6 4. e3 Bg4 5. Bxc4 e6 6. h3 Bh5 7. Nc3 Nc6 8. O-O
Bd6 9. Be2 O-O 10. b3 a6 11. Bb2 Qe7 12. Ne5 Bxe2 13. Nxc6 Bxd1 14. Nxe7+ Bxe7
15. Rfxd1 Rfd8 16. Rac1 Rd7 17. Na4 Rad8 18. Rc2 Nd5 19. a3 f5 20. Rdc1 Kf7 21.
Kf1 g5 22. Ke2 h5 23. Rg1 g4 24. hxg4 hxg4 25. Rh1 Kg6 26. Rcc1 Bd6 27. Rh4 Be7
28. Rh2 Bd6 29. Rh4 Be7 30. Rh2 Bd6 1/2-1/2

[Event "Oberliga Ost A 2016 2017"]
[Site "Germany"]
[Date "2016.12.04"]
[Round "4.2"]
[White "Rudolf, Sebastian"]
[Black "Richter, Leonard"]
[Result "1-0"]
[WhiteElo "2270"]
[BlackElo "2282"]
[PlyCount "75"]
[EventDate "2016.10.16"]
[EventType "team-tourn"]
[EventCountry "GER"]
[WhiteTeam "Dresden SG Gruen Weiss"]
[BlackTeam "Leipzig SG"]
[WhiteTeamCountry "GER"]
[BlackTeamCountry "GER"]

1. e4 c5 2. Nf3 d6 3. Bb5+ Nc6 4. Bxc6+ bxc6 5. O-O d5 6. d3 Bg4 7. h3 Bh5 8.
Nc3 e6 9. Qe2 Nf6 10. b3 Be7 11. Re1 O-O 12. Ba3 Nd7 13. Na4 Qc7 14. c3 Rfe8
15. Rac1 Qf4 16. Qd2 Qxd2 17. Nxd2 Ne5 18. Nb2 Rad8 19. exd5 Rxd5 20. c4 Rxd3
21. Nf1 Nf3+ 22. gxf3 Rxf3 23. Ng3 Bg6 24. Na4 h5 25. Kg2 Rf4 26. Bxc5 h4 27.
Bxe7 Rxe7 28. Nf1 Be4+ 29. Kg1 e5 30. Nc5 Bf5 31. Kg2 g5 32. Ne3 Bg6 33. Ng4 e4
34. Nd3 exd3 35. Rxe7 d2 36. Rd1 Rd4 37. Re2 f5 38. Ne5 1-0

[Event "Oberliga Ost A 2016 2017"]
[Site "Germany"]
[Date "2016.12.04"]
[Round "4.4"]
[White "Zimmermann, Rene"]
[Black "Rausch, Stephan"]
[Result "1/2-1/2"]
[WhiteElo "2140"]
[BlackElo "2277"]
[PlyCount "37"]
[EventDate "2016.10.16"]
[EventType "team-tourn"]
[EventCountry "GER"]
[WhiteTeam "Dresden SG Gruen Weiss"]
[BlackTeam "Leipzig SG"]
[WhiteTeamCountry "GER"]
[BlackTeamCountry "GER"]

1. d4 d5 2. c4 e6 3. Nc3 c6 4. cxd5 exd5 5. Qc2 Nf6 6. Bg5 Be7 7. e3 Bg4 8. Bd3
Bh5 9. Qb3 Qb6 10. Qxb6 axb6 11. Nh3 Bg6 12. Be2 Ne4 13. Nxe4 Bxe4 14. f3 Bxg5
15. Nxg5 Bg6 16. Kf2 Nd7 17. h4 h6 18. Nh3 b5 19. Nf4 1/2-1/2

[Event "Oberliga Ost A 2016 2017"]
[Site "Germany"]
[Date "2016.12.04"]
[Round "4.5"]
[White "Kreyssig, Bruno"]
[Black "Nake, Matthias"]
[Result "0-1"]
[WhiteElo "2131"]
[BlackElo "2217"]
[PlyCount "70"]
[EventDate "2016.10.16"]
[EventType "team-tourn"]
[EventCountry "GER"]
[WhiteTeam "Leipzig SG"]
[BlackTeam "Dresden SG Gruen Weiss"]
[WhiteTeamCountry "GER"]
[BlackTeamCountry "GER"]

1. e4 c5 2. Nf3 Nc6 3. d4 cxd4 4. Nxd4 g6 5. c4 Bg7 6. Nc2 Nf6 7. Nc3 d6 8. Be2
O-O 9. O-O b6 10. f3 Bb7 11. Be3 Rc8 12. Rc1 Qd7 13. b3 Rfd8 14. Qd2 Qe8 15.
Nb5 Nd7 16. Rfd1 Ba6 17. Nc3 h5 18. Bg5 Nf8 19. Nd5 Ne6 20. Be3 Nc7 21. Nd4
Nxd4 22. Bxd4 Ne6 23. Bxg7 Nxg7 24. f4 Bb7 25. Rf1 Bxd5 26. exd5 Qd7 27. Bd3
Nf5 28. Rce1 Re8 29. Qc2 e6 30. dxe6 fxe6 31. Bxf5 exf5 32. Qd3 Qc6 33. Rxe8+
Rxe8 34. Rd1 Qc5+ 35. Qd4 Re1+ 0-1

[Event "Oberliga Ost A 2016 2017"]
[Site "Germany"]
[Date "2016.12.04"]
[Round "4.6"]
[White "Hutsch, Oliver"]
[Black "Liedtke, Matthias"]
[Result "1-0"]
[WhiteElo "2119"]
[BlackElo "2261"]
[PlyCount "45"]
[EventDate "2016.10.16"]
[EventType "team-tourn"]
[EventCountry "GER"]
[WhiteTeam "Dresden SG Gruen Weiss"]
[BlackTeam "Leipzig SG"]
[WhiteTeamCountry "GER"]
[BlackTeamCountry "GER"]

1. d4 Nf6 2. c4 g6 3. g3 Bg7 4. Bg2 O-O 5. Nc3 d6 6. Nf3 Nc6 7. O-O a6 8. h3
Bd7 9. Re1 Re8 10. Rb1 Rb8 11. b4 e5 12. dxe5 dxe5 13. b5 axb5 14. cxb5 Nd4 15.
e4 c6 16. Nxe5 Rxe5 17. Qxd4 Rh5 18. e5 Nd5 19. g4 Qh4 20. Nxd5 cxd5 21. Bf4
Bf5 22. Rb3 Be4 23. Bg3 1-0

[Event "Oberliga Ost A 2016 2017"]
[Site "Germany"]
[Date "2016.12.04"]
[Round "4.7"]
[White "Hoffmann, Hendrik"]
[Black "Wappler, Markus"]
[Result "1-0"]
[WhiteElo "2298"]
[BlackElo "2213"]
[PlyCount "125"]
[EventDate "2016.10.16"]
[EventType "team-tourn"]
[EventCountry "GER"]
[WhiteTeam "Leipzig SG"]
[BlackTeam "Dresden SG Gruen Weiss"]
[WhiteTeamCountry "GER"]
[BlackTeamCountry "GER"]

1. e4 d6 2. d4 Nf6 3. Nc3 e5 4. Nf3 Nbd7 5. Bc4 Be7 6. O-O O-O 7. h3 c6 8. a4
b6 9. Re1 a6 10. Bd3 Bb7 11. Ne2 Re8 12. Ng3 g6 13. c3 Bf8 14. b4 a5 15. Qb3
axb4 16. cxb4 exd4 17. Nxd4 c5 18. Nf3 d5 19. exd5 Rxe1+ 20. Nxe1 Bxd5 21. Bc4
Bxc4 22. Qxc4 cxb4 23. Bb2 Nc5 24. Qb5 Ra5 25. Qc6 Bg7 26. Nf3 Nfd7 27. Bxg7
Kxg7 28. Rd1 Ne5 29. Rxd8 Nxc6 30. Rd6 Ne7 31. Rxb6 Rxa4 32. Nd4 Ra1+ 33. Kh2
Rb1 34. Rb5 Nd3 35. Rb7 Re1 36. Nc2 Re5 37. Nxb4 Nxf2 38. Rd7 Nf5 39. Nc6 Rc5
40. Nd8 Nxg3 41. Ne6+ Kf6 42. Nxc5 Nge4 43. Nb7 Ng5 44. Nd8 h5 45. Kg1 Nfe4 46.
h4 Ne6 47. Rxf7+ Ke5 48. Nxe6 Kxe6 49. Rf8 Nf6 50. Kf2 Kf5 51. Ra8 g5 52. Ra5+
Kg4 53. Rxg5+ Kxh4 54. Rf5 Ne4+ 55. Kf3 Ng5+ 56. Kf4 Ne6+ 57. Ke5 Ng5 58. Kf6
Ne4+ 59. Kg6 Kg3 60. Re5 Nf2 61. Rg5+ Kh4 62. Rxh5+ Kg3 63. Rg5+ 1-0

[Event "Oberliga Ost A 2016 2017"]
[Site "Germany"]
[Date "2016.12.04"]
[Round "4.8"]
[White "Kunze, Christopher"]
[Black "Schultz, Andreas"]
[Result "1/2-1/2"]
[WhiteElo "2085"]
[BlackElo "2238"]
[PlyCount "55"]
[EventDate "2016.10.16"]
[EventType "team-tourn"]
[EventCountry "GER"]
[WhiteTeam "Dresden SG Gruen Weiss"]
[BlackTeam "Leipzig SG"]
[WhiteTeamCountry "GER"]
[BlackTeamCountry "GER"]

1. e4 e6 2. d3 d5 3. Nd2 c5 4. g3 Nc6 5. Bg2 Nf6 6. Ngf3 Bd6 7. O-O O-O 8. Re1
Qc7 9. Nf1 d4 10. a4 Nd7 11. N1d2 Rb8 12. Nc4 f6 13. Nxd6 Qxd6 14. Nd2 Qc7 15.
Bh3 Nde5 16. f4 Nf7 17. Nc4 b6 18. Bd2 a6 19. e5 f5 20. Bg2 Bb7 21. Qe2 Rfd8
22. Reb1 Nb4 23. Bxb7 Rxb7 24. Be1 Kh8 25. h4 Nh6 26. Nd6 Ra7 27. c3 Nc6 28. b4
1/2-1/2

[Event "Oberliga Ost A 2016 2017"]
[Site "Germany"]
[Date "2016.12.04"]
[Round "4.1"]
[White "Vogel, Roven"]
[Black "Hoepfl, Thomas"]
[Result "1-0"]
[WhiteElo "2426"]
[BlackElo "2288"]
[PlyCount "91"]
[EventDate "2016.10.16"]
[EventType "team-tourn"]
[EventCountry "GER"]
[WhiteTeam "Dresden USV TU II"]
[BlackTeam "Halle USV"]
[WhiteTeamCountry "GER"]
[BlackTeamCountry "GER"]

1. d4 Nf6 2. c4 g6 3. Nc3 Bg7 4. e4 d6 5. Be2 O-O 6. Be3 c5 7. d5 a6 8. a4 e6
9. Nf3 exd5 10. cxd5 Nbd7 11. Nd2 Re8 12. h3 Rb8 13. O-O Qc7 14. Rc1 b6 15. b4
Qd8 16. b5 a5 17. Bf4 Ne5 18. Bh2 g5 19. Qc2 h6 20. Nd1 Nfd7 21. Ne3 Nf8 22.
Bg4 Nfg6 23. Ndc4 Nxc4 24. Nxc4 Bxg4 25. hxg4 Be5 26. g3 Bd4 27. Kg2 Ne5 28. f3
Nxc4 29. Qxc4 Bg7 30. Bg1 Qf6 31. Bf2 Rb7 32. Rh1 Rbe7 33. Rc2 Qg6 34. Qd3 Kh7
35. Rh5 Rh8 36. Be3 Kg8 37. Rc4 Kf8 38. Kh3 Rg8 39. Bd2 Ke8 40. Qe2 f5 41. Be3
fxe4 42. fxe4 Kd8 43. Kg2 Rge8 44. Rh1 Rxe4 45. Qc2 R8e7 46. Re1 1-0

[Event "Oberliga Ost A 2016 2017"]
[Site "Germany"]
[Date "2016.12.04"]
[Round "4.2"]
[White "Puls, Thomas"]
[Black "Moehn, Hans"]
[Result "1/2-1/2"]
[WhiteElo "2208"]
[BlackElo "2413"]
[PlyCount "80"]
[EventDate "2016.10.16"]
[EventType "team-tourn"]
[EventCountry "GER"]
[WhiteTeam "Halle USV"]
[BlackTeam "Dresden USV TU II"]
[WhiteTeamCountry "GER"]
[BlackTeamCountry "GER"]

1. e4 e6 2. d4 d5 3. Nd2 a6 4. Ngf3 c5 5. exd5 exd5 6. dxc5 Bxc5 7. Bd3 Nf6 8.
O-O h6 9. Nb3 Bb6 10. Bf4 O-O 11. h3 Nc6 12. c3 Nh5 13. Bh2 Qf6 14. Nbd4 Nf4
15. Bc2 Ne6 16. Nxc6 bxc6 17. Be5 Qe7 18. Qd3 g6 19. Rfe1 Re8 20. Qd2 Kh7 21.
h4 h5 22. Bg3 Kg7 23. Ne5 Bb7 24. Re2 Bc7 25. Rae1 Bxe5 26. Rxe5 Qd7 27. Qd3
Nf8 28. Qd4 f6 29. R5e3 Kf7 30. b4 Rxe3 31. Rxe3 Re8 32. f3 Rxe3 33. Qxe3 Kg7
34. Be1 Qe6 35. Bd2 Qxe3+ 36. Bxe3 Ne6 37. Kf2 Kf7 38. Bd3 f5 39. Ba7 Bc8 40.
g3 Kf6 1/2-1/2

[Event "Oberliga Ost A 2016 2017"]
[Site "Germany"]
[Date "2016.12.04"]
[Round "4.3"]
[White "Wegener, Dirk"]
[Black "Reipsch, Jens"]
[Result "1-0"]
[WhiteElo "2349"]
[BlackElo "2222"]
[PlyCount "67"]
[EventDate "2016.10.16"]
[EventType "team-tourn"]
[EventCountry "GER"]
[WhiteTeam "Dresden USV TU II"]
[BlackTeam "Halle USV"]
[WhiteTeamCountry "GER"]
[BlackTeamCountry "GER"]

1. e4 e5 2. Nf3 Nc6 3. Bb5 a6 4. Ba4 Nge7 5. O-O d6 6. d4 exd4 7. Nxd4 Bd7 8.
Nc3 Nxd4 9. Bxd7+ Qxd7 10. Qxd4 Nc6 11. Qd3 Be7 12. Nd5 O-O 13. b3 Rae8 14. Bb2
Bd8 15. Rfe1 f6 16. Rad1 Qf7 17. Nf4 Ne5 18. Qh3 f5 19. exf5 Qxf5 20. Qxf5 Rxf5
21. Nd3 Bf6 22. f4 Nxd3 23. Rxe8+ Kf7 24. Rc8 Nxb2 25. Rxc7+ Kg6 26. Rd2 b5 27.
g3 b4 28. Rxd6 a5 29. Kg2 h5 30. Kf3 Rb5 31. h3 Rb8 32. g4 hxg4+ 33. hxg4 Rd8
34. Ra6 1-0

[Event "Oberliga Ost A 2016 2017"]
[Site "Germany"]
[Date "2016.12.04"]
[Round "4.6"]
[White "Groebel, Aaron"]
[Black "Ledfuss, Guntram"]
[Result "1-0"]
[WhiteElo "1926"]
[BlackElo "2064"]
[PlyCount "117"]
[EventDate "2016.10.16"]
[EventType "team-tourn"]
[EventCountry "GER"]
[WhiteTeam "Halle USV"]
[BlackTeam "Dresden USV TU II"]
[WhiteTeamCountry "GER"]
[BlackTeamCountry "GER"]

1. e4 e5 2. Nf3 Nc6 3. Bc4 Bc5 4. c3 Nf6 5. d4 exd4 6. cxd4 Bb4+ 7. Bd2 Bxd2+
8. Nbxd2 d5 9. exd5 Nxd5 10. Qb3 Nce7 11. O-O O-O 12. Rfe1 c6 13. Ne5 Qb6 14.
Ndf3 Qxb3 15. Bxb3 h6 16. Re2 Be6 17. Rae1 Rad8 18. Nd3 Ng6 19. Nc5 Bc8 20. h3
Ngf4 21. Re4 b6 22. Bxd5 Nxd5 23. Nb3 Be6 24. Ne5 Nb4 25. d5 Nxd5 26. Nxc6 Rd7
27. Nbd4 Nc7 28. a3 a6 29. f4 Bd5 30. Re7 Bxc6 31. Nxc6 Rxe7 32. Nxe7+ Kh7 33.
Rc1 Ne6 34. f5 Nf4 35. Rc8 Rxc8 36. Nxc8 Nd5 37. Kf2 g6 38. f6 b5 39. Nd6 Nxf6
40. Nxf7 Kg7 41. Ne5 Nd5 42. Kf3 g5 43. Nd3 Kf6 44. Ke4 Nb6 45. b3 a5 46. Kd4
Nd7 47. Kd5 a4 48. b4 Nb6+ 49. Kc5 Nc4 50. Kxb5 Nxa3+ 51. Kxa4 Nc4 52. Kb5 Nd6+
53. Kc6 Nc8 54. g4 Ke6 55. Kc5 Kd7 56. b5 Kc7 57. Nb4 Kb7 58. Nd5 Na7 59. Ne7
1-0

[Event "Oberliga Ost A 2016 2017"]
[Site "Germany"]
[Date "2016.12.04"]
[Round "4.7"]
[White "Ader, Gunter"]
[Black "Hartwig, Maik"]
[Result "1-0"]
[WhiteElo "2023"]
[BlackElo "2088"]
[PlyCount "49"]
[EventDate "2016.10.16"]
[EventType "team-tourn"]
[EventCountry "GER"]
[WhiteTeam "Dresden USV TU II"]
[BlackTeam "Halle USV"]
[WhiteTeamCountry "GER"]
[BlackTeamCountry "GER"]

1. e4 g6 2. d4 Bg7 3. Nf3 d6 4. c3 Nf6 5. Bd3 O-O 6. O-O c5 7. h3 cxd4 8. cxd4
Nc6 9. Qb3 b6 10. Nc3 Bb7 11. d5 Na5 12. Qc2 Qc8 13. Qe2 e6 14. Nb5 exd5 15.
Nxd6 Qe6 16. e5 Nd7 17. Bf4 Rab8 18. Nd4 Qe7 19. N6f5 Qe8 20. Nxg7 Kxg7 21. e6
Nc5 22. e7 Rg8 23. Bb5 Nc6 24. Bxc6 Bxc6 25. Bxb8 1-0

[Event "Oberliga Ost A 2016 2017"]
[Site "Germany"]
[Date "2016.12.04"]
[Round "4.8"]
[White "Hentzgen, Thomas"]
[Black "Oehl, Tim"]
[Result "0-1"]
[WhiteElo "2061"]
[BlackElo "2126"]
[PlyCount "152"]
[EventDate "2016.10.16"]
[EventType "team-tourn"]
[EventCountry "GER"]
[WhiteTeam "Halle USV"]
[BlackTeam "Dresden USV TU II"]
[WhiteTeamCountry "GER"]
[BlackTeamCountry "GER"]

1. d4 e6 2. g3 f5 3. Bg2 Nf6 4. c4 d6 5. Nc3 Be7 6. e4 Nc6 7. Nge2 e5 8. d5 Nb8
9. Qc2 fxe4 10. Nxe4 O-O 11. N2c3 Nxe4 12. Bxe4 h6 13. O-O Nd7 14. Qe2 Nf6 15.
Bg2 Bg4 16. f3 Bf5 17. Be3 a5 18. b3 Qd7 19. Rad1 Rae8 20. Rde1 b6 21. Kh1 Kh8
22. Qd2 Bd8 23. Re2 Rf7 24. Ref2 Ref8 25. Kg1 Kg8 26. Kh1 Nh7 27. Ne4 Bxe4 28.
fxe4 Bg5 29. Kg1 Rxf2 30. Rxf2 Bxe3 31. Qxe3 Rxf2 32. Kxf2 Qg4 33. Qf3 Nf6 34.
h3 Qg5 35. Qe3 Qg6 36. Bf3 h5 37. h4 Qh7 38. Kg2 g6 39. Qg5 Kg7 40. Kf2 Qh6 41.
Qe3 Qxe3+ 42. Kxe3 Kh6 43. a3 g5 44. b4 axb4 45. axb4 Ng8 46. Bd1 Ne7 47. Kf3
Ng6 48. hxg5+ Kxg5 49. Ke3 Ne7 50. Be2 Ng8 51. Bf3 Nf6 52. Be2 Nd7 53. Bf3 Nb8
54. b5 Nd7 55. Bd1 Nc5 56. Bc2 Nb7 57. Bd3 Na5 58. Bf1 Nb3 59. Be2 Na5 60. Bf1
Kg4 61. Kf2 Nb3 62. Be2+ Kg5 63. Ke3 h4 64. gxh4+ Kxh4 65. Bd1 Nc5 66. Be2 Kg3
67. Bh5 Nd7 68. Bg6 Nf6 69. Bf5 Ng4+ 70. Ke2 Kf4 71. Bg6 Ne3 72. Kd3 Nd1 73.
Ke2 Nb2 74. Kd2 Nxc4+ 75. Kd3 Na5 76. Ke2 Nb3 0-1

[Event "Oberliga Ost A 2016 2017"]
[Site "Germany"]
[Date "2016.12.04"]
[Round "4.1"]
[White "Schmidt Schaeffer, Sebastian"]
[Black "Lechtynsky, Jiri"]
[Result "1/2-1/2"]
[WhiteElo "2383"]
[BlackElo "2354"]
[PlyCount "85"]
[EventDate "2016.10.16"]
[EventType "team-tourn"]
[EventCountry "GER"]
[WhiteTeam "Naumburger SV"]
[BlackTeam "Hoyerswerda FVS ASP"]
[WhiteTeamCountry "GER"]
[BlackTeamCountry "GER"]

1. e4 c5 2. Nf3 e6 3. b3 d6 4. Bb5+ Bd7 5. Bxd7+ Nxd7 6. O-O Ngf6 7. Re1 Be7 8.
Bb2 O-O 9. d4 cxd4 10. Nxd4 Qc7 11. c4 Rfe8 12. Nc3 a6 13. Re3 Bf8 14. Qe2 g6
15. Rd1 Rac8 16. Kh1 Qb8 17. f4 e5 18. fxe5 dxe5 19. Nc2 b5 20. cxb5 axb5 21.
Red3 Nc5 22. Rf3 Bg7 23. Ba3 Qa8 24. Bxc5 Rxc5 25. Nb4 Qb7 26. h3 h5 27. Qf2
Rxc3 28. Rxc3 Qxe4 29. Nd3 Qa8 30. Nc5 e4 31. Rc2 Nd5 32. Rf1 f5 33. Qg3 Kh7
34. Rd1 f4 35. Qg5 Re5 36. Qh4 Qc6 37. Rcc1 Bf6 38. Qe1 Qe8 39. Rxd5 Rxd5 40.
Nxe4 Qe5 41. Nxf6+ Qxf6 42. Qe4 Qe5 43. Qxe5 1/2-1/2

[Event "Oberliga Ost A 2016 2017"]
[Site "Germany"]
[Date "2016.12.04"]
[Round "4.2"]
[White "Jahnel, Guenther"]
[Black "Heinrich, Julius Tobias"]
[Result "1-0"]
[WhiteElo "2270"]
[BlackElo "2055"]
[PlyCount "95"]
[EventDate "2016.10.16"]
[EventType "team-tourn"]
[EventCountry "GER"]
[WhiteTeam "Hoyerswerda FVS ASP"]
[BlackTeam "Naumburger SV"]
[WhiteTeamCountry "GER"]
[BlackTeamCountry "GER"]

1. d4 e6 2. Nf3 f5 3. g3 Nf6 4. Bg2 Be7 5. O-O d5 6. b3 O-O 7. Ne5 Nbd7 8. Bb2
g5 9. Nd2 Nxe5 10. dxe5 Ng4 11. e3 Qe8 12. Qe2 Bd7 13. a4 c5 14. f3 Nh6 15. e4
Bc6 16. exd5 Bxd5 17. Rad1 Qg6 18. Nc4 f4 19. g4 Nf7 20. Rd2 h5 21. gxh5 Qxh5
22. Nd6 Rad8 23. c4 Bc6 24. Rfd1 Nh6 25. Rd3 b6 26. R1d2 Kh8 27. Qd1 Rg8 28. h3
Rdf8 29. Bc3 a5 30. Qe1 Qg6 31. Bf1 Qh5 32. Bg2 Qg6 33. Qd1 Qh5 34. Rf2 Qh4 35.
Be1 Qh5 36. Ra2 Qg6 37. Qe2 g4 38. hxg4 Nxg4 39. fxg4 f3 40. Bxf3 Bxf3 41. Rxf3
Qxg4+ 42. Rg3 Qxe2 43. Rxe2 Rxg3+ 44. Bxg3 Rf3 45. Rh2+ Kg8 46. Rg2 Kh7 47. Bf2
Rxb3 48. Ne8 1-0

[Event "Oberliga Ost A 2016 2017"]
[Site "Germany"]
[Date "2016.12.04"]
[Round "4.3"]
[White "Fritsch, Andreas"]
[Black "Hovsepyan, Vardan"]
[Result "1/2-1/2"]
[WhiteElo "2066"]
[BlackElo "2162"]
[PlyCount "120"]
[EventDate "2016.10.16"]
[EventType "team-tourn"]
[EventCountry "GER"]
[WhiteTeam "Naumburger SV"]
[BlackTeam "Hoyerswerda FVS ASP"]
[WhiteTeamCountry "GER"]
[BlackTeamCountry "GER"]

1. Nc3 e5 2. Nf3 Nc6 3. d4 exd4 4. Nxd4 Bc5 5. Nf5 Qf6 6. e4 Nge7 7. Ne3 O-O 8.
Be2 Bd4 9. O-O Bxc3 10. bxc3 Qxc3 11. Rb1 d6 12. Rb5 Qd4 13. Bd3 Nb4 14. a3
Nxd3 15. cxd3 Qf6 16. Bb2 Qg6 17. f4 f5 18. Rf3 Rf7 19. Rg3 Qh6 20. Qb3 Kf8 21.
exf5 a6 22. Rb4 Nxf5 23. Nxf5 Bxf5 24. Rxb7 Qe6 25. Rb8+ Rxb8 26. Qxb8+ Qc8 27.
Qb4 Qe8 28. Qc3 Bg6 29. h3 Qe2 30. Kh2 Qe7 31. Qd2 Qh4 32. Rg4 Qe7 33. Rg3 Qh4
34. Rg4 Qd8 35. Rg3 Bf5 36. Qa5 Qc8 37. Qd5 Be6 38. Qh5 Bf5 39. Qe2 Bd7 40. Qh5
Bf5 41. Qe2 Bg6 42. Qd2 Qf5 43. Qb4 Qb5 44. Qc3 Ke8 45. Qd4 Kd7 46. Re3 Qb3 47.
Rf3 c5 48. Qc3 Qxc3 49. Bxc3 Kc6 50. g4 Rb7 51. f5 Bf7 52. Re3 g6 53. d4 gxf5
54. gxf5 Bb3 55. dxc5 dxc5 56. Kg3 Kb5 57. Kf4 Ka4 58. Re5 Rc7 59. Bb2 Ba2 60.
f6 Bf7 1/2-1/2

[Event "Oberliga Ost A 2016 2017"]
[Site "Germany"]
[Date "2016.12.04"]
[Round "4.4"]
[White "Kesik, Klaus Dieter"]
[Black "Haertig, Jens"]
[Result "1/2-1/2"]
[WhiteElo "2220"]
[BlackElo "2137"]
[PlyCount "64"]
[EventDate "2016.10.16"]
[EventType "team-tourn"]
[EventCountry "GER"]
[WhiteTeam "Hoyerswerda FVS ASP"]
[BlackTeam "Naumburger SV"]
[WhiteTeamCountry "GER"]
[BlackTeamCountry "GER"]

1. d4 Nf6 2. g3 g6 3. Bg2 Bg7 4. e4 d6 5. Nc3 O-O 6. Nge2 e5 7. O-O c6 8. a4 a5
9. h3 Na6 10. Be3 Qc7 11. Qd2 Re8 12. Rfd1 Nb4 13. d5 Bd7 14. dxc6 bxc6 15. f4
Be6 16. Rac1 Rad8 17. Qe1 d5 18. exd5 Nfxd5 19. Nxd5 Bxd5 20. Qf2 Bxg2 21. Kxg2
Nd5 22. Bc5 Bf8 23. c4 Bxc5 24. Qxc5 exf4 25. cxd5 Rxe2+ 26. Kf1 Rde8 27. d6
Qd7 28. g4 Rh2 29. Re1 Rh1+ 30. Kf2 Rh2+ 31. Kf1 Rh1+ 32. Kf2 Rh2+ 1/2-1/2

[Event "Oberliga Ost A 2016 2017"]
[Site "Germany"]
[Date "2016.12.04"]
[Round "4.5"]
[White "Ruemmler, Roland"]
[Black "Graf, Roland"]
[Result "1/2-1/2"]
[WhiteElo "1952"]
[BlackElo "2140"]
[PlyCount "43"]
[EventDate "2016.10.16"]
[EventType "team-tourn"]
[EventCountry "GER"]
[WhiteTeam "Naumburger SV"]
[BlackTeam "Hoyerswerda FVS ASP"]
[WhiteTeamCountry "GER"]
[BlackTeamCountry "GER"]

1. d4 Nf6 2. Nf3 g6 3. g3 Bg7 4. Bg2 O-O 5. O-O d5 6. b3 c5 7. e3 Nc6 8. Bb2
Ne4 9. Nbd2 Nxd2 10. Qxd2 Bf5 11. c3 Qa5 12. Rfd1 Be4 13. a3 Qb6 14. b4 cxb4
15. cxb4 a5 16. Bc3 Rfc8 17. Ne1 axb4 18. axb4 Bxg2 19. Kxg2 e6 20. Nd3 Qb5 21.
Rxa8 Rxa8 22. Ra1 1/2-1/2